¡Es la reforma cultural, presidente! : Propuestas para el sexenio 2018-2024 /
Obra en colaboración sobre la necesidad de una reforma cultural en México; la coyuntura es la existencia de una Secretaría de Cultura que apenas inicia, y la inminente sucesión presidencial en 2018. Se proponen estas ideas para propiciar el debate, el disenso, los acuerdos y la alternancia en las po...
Uloženo v:
| Hlavní autor: | |
|---|---|
| Médium: | Kniha |
| Jazyk: | španělština |
| Vydáno: |
México :
Editarte,
2018, c2017
|
| Edice: | (Legislación y Políticas Cultuales)
|
| Témata: | |
| Tagy: |
Žádné tagy, Buďte první, kdo vytvoří štítek k tomuto záznamu!
|
MARC
| LEADER | 00000nam^a2200000^a^4500 | ||
|---|---|---|---|
| 001 | 000399126 | ||
| 005 | 20250521000000.0 | ||
| 009 | 20260310121545.194 | ||
| 020 | |a 978-607-97260-1-0 | ||
| 037 | |a Acervo ITESO - Biblioteca | ||
| 041 | |a ESP | ||
| 082 | |a 306. 40972 |b CRU | ||
| 100 | |a Cruz Vázquez, Eduardo |e (coordinación) | ||
| 245 | 1 | 0 | |a ¡Es la reforma cultural, presidente! : |b Propuestas para el sexenio 2018-2024 / |c Coord. de E. Cruz Vázquez. |
| 264 | 4 | |a México : |b Editarte, |c 2018, c2017 | |
| 300 | |a 271 p. | ||
| 336 | |a texto |b txt |2 rdacontenido | ||
| 337 | |a sin mediación |b n |2 rdamedio | ||
| 338 | |a volumen |b nc |2 rdasoporte | ||
| 440 | 1 | |a (Legislación y Políticas Cultuales) | |
| 520 | |a Obra en colaboración sobre la necesidad de una reforma cultural en México; la coyuntura es la existencia de una Secretaría de Cultura que apenas inicia, y la inminente sucesión presidencial en 2018. Se proponen estas ideas para propiciar el debate, el disenso, los acuerdos y la alternancia en las políticas culturales, a la vez que pone de relieve el alcance y la complejidad que tiene el sector cultural en México. | ||
| 521 | |a Peticiones 2018 | ||
| 649 | |a XX | ||
| 650 | |a Cultura - |x Difusión - |z México | ||
| 650 | |a Gestión Cultural - |z México | ||
| 650 | |a Administración Pública | ||
| 650 | |a Política Cultural - |z México - |x Tema Principal | ||
| 650 | |a Políticas Públicas - |z México | ||
| 650 | |a Política - |z México | ||
| 910 | |a Fondo General | ||
| 920 | |a Impresos - Libros | ||
| 930 | |a Colección General | ||
| 905 | |a 101 | ||
| 901 | |a 0500299063 |b IT1 |c ACC |i C160545 |u 20250521 | ||
| 902 | |a https://opac.biblio.iteso.mx/vufind/Record/000399126 | ||